00779cam a2200253 a 45000010008000000030004000080050017000120080041000290100017000700200022000870400018001090500018001270820019001451000027001642450065001912600040002563000027002965040056003236500020003796500038003996500017004376500039004547000032004934923641OSt20210222101952.0950214s1995 tnu b 000 0 eng  a 95005642  a0785281096 (pbk.) aDLCcDLCdDLC00aBR1640bG795H00a266220bG795H1 aGreen, Michael,d1930-10aHow shall we reach them? /cMichael Green & Alister McGrath. aNashville :bThomas Nelson,cc1995. aviii, 243 p. ;c21 cm. aIncludes bibliographical references (p. [242]-243). 0aEvangelicalism. 0aChristianity and other religions. 0aApologetics. 0aReligious pluralismxChristianity.1 aMcGrath, Alister E.,d1953-